| 000 | 00900nam a2200253Ia 4500 | ||
|---|---|---|---|
| 999 |
_c5070 _d5070 |
||
| 003 | OSt | ||
| 005 | 20200513150633.0 | ||
| 008 | 191128s2003 ck gr 000 0dspa d | ||
| 040 |
_aCO-JMCR _cCO-JMCR |
||
| 041 | 0 | _aspa | |
| 082 | 0 | 4 |
_a307.2409861 / _bM488d _223 |
| 100 | 1 |
_aMedellín Lozano, Fernando, _eautor _94296 |
|
| 245 | 1 | 3 |
_aEl desplazamiento forzado en Colombia / _cFernando Medellín Lozano |
| 260 |
_aBogotá : _bDefesoría del pueblo, _c2003 |
||
| 300 |
_a192 páginas : _btablas, _c24 cm. |
||
| 490 | 0 | _aRed de promotores | |
| 504 | _aIncluye bibliografía. | ||
| 505 | _aEl desplazamiento forzado en Colombia -- Manual de casos -- Guía docente | ||
| 650 | 1 | 4 |
_aDesplazamiento forzado _zColombia _94297 |
| 650 | 1 | 4 |
_aConflicto armado _zColombia _94298 |
| 650 | 2 | 4 |
_aDesplazados por la violencia _zColombia _94299 |
| 650 | 2 | 4 |
_aMigración interna _zColombia _94300 |
| 942 |
_2ddc _cBK |
||